000 00329 a2200157 4500
001 56744
020 _a8532249981
040 _cAnchieta - Pituba
100 _aCarrasco, Walcyr
240 1 0 _aOs miseráveis
_lpor
245 1 0 _aOs miseráveis
300 _a160
362 0 _a2002
650 4 _aLiteratura juvenil
942 _cBK
999 _c56744
_d56744